| 000 | 00522nam a2200193Ia 4500 | ||
|---|---|---|---|
| 003 | OSt | ||
| 005 | 20241004141114.0 | ||
| 008 | 210210b1969 xxu||||| |||| 00| 0 eng d | ||
| 040 | _cAL | ||
| 041 | _aHindi | ||
| 082 | _aH891.2 SHAC | ||
| 100 |
_aSHARMA (Revatisaran). _dरेवती सरन शर्मा _9181415 |
||
| 245 |
_aChirag ki lau. _b चिराग की लौ |
||
| 260 |
_aDilli _bSamrati Prakashan _c1969 |
||
| 300 | _a86 | ||
| 690 |
_aHindi Drama _9181416 |
||
| 906 | _a033787 | ||
| 942 |
_2ddc _cBK |
||
| 999 |
_c84770 _d84770 |
||